00394nam a2200181Ia 4500003000500000008004100005020001800046040001900064082000700083100001900090245001700109246001700126250000700143260003000150300001000180365000800190546001400198STCL230726s9999 xx 000 0 und d a9788171306985 aSTCLcSTCLbEN 222 aPadmanabhan, T 0aഗൗരി aGouri/ Gowri a24 bD C BooksaKottayamc2022 a118 p b150 aMalayalam